000 00661nam a22002297a 4500
003 UA-OsUOA
001 72354
007 ta
008 20110111b un ||||| |||| 00| 0 ukr d
090 _a821.161.1-1
_bС32
942 _cBK
040 _aUA-OsUOA
_brus
_cUA-OsUOA
_dUA-OsUOA
245 _aСеребряный век русской поэзии: антология
_cСост. Дмитренко С.
300 _a448 с.
955 _a3
041 _arus
080 _a821.161.1-1
020 _a978-5-699-39294-0
260 _aМ.
_bЭксмо
_c2010
650 7 _a82 Література. Літературознавство
_2UDC
999 _c358623
_d358623